"M" Antonyms - Statistics

General Stats
  • This quiz has been taken 167 times
  • The average score is 13 of 20
Answer Stats
Word M Antonyms % Correct
Female Male
98%
Major Minor
96%
Sun Moon
96%
Maxi Mini
86%
Divorce Marry
84%
Noon Midnight
79%
Ancient Modern
78%
Valley Mountain
78%
Nice Mean
73%
Freeze Melt
72%
Butterfly Moth
69%
Servant Master
63%
Republic Monarchy
51%
Sweep Mop
50%
Order Mess
47%
Pure Breed Mutt
44%
Young Mature
33%
Sad Merry
31%
Shopaholic Miser
30%
Extreme Moderate
11%
No matching quizzes found
Score Distribution
Percent of People with Each Score
Percentile by Number Answered
Your Score History
You have not taken this quiz